Society and culture : (Record no. 354662)
[ view plain ]
| 000 -LEADER | |
|---|---|
| fixed length control field | 00335nam a2200109Ia 4500 |
| 008 - FIXED-LENGTH DATA ELEMENTS--GENERAL INFORMATION | |
| fixed length control field | 180205s9999 xx 000 0 und d |
| 020 ## - INTERNATIONAL STANDARD BOOK NUMBER | |
| International Standard Book Number | 971110431 |
| 100 ## - MAIN ENTRY--PERSONAL NAME | |
| Personal name | Rolda, Panopio |
| 245 ## - TITLE STATEMENT | |
| Title | Society and culture : |
| Remainder of title | Introduction to sociology and antropolgy / |
| 260 ## - PUBLICATION, DISTRIBUTION, ETC. (IMPRINT) | |
| Place of publication, distribution, etc | Quezon City: |
| Name of publisher, distributor, etc | national Bookstore |
| Date of publication, distribution, etc | 2000 |
| 300 ## - PHYSICAL DESCRIPTION | |
| Extent | iii, 418 pages |
| Withdrawn status | Lost status | Source of classification or shelving scheme | Damaged status | Home library | Current library | Shelving location | Date acquired | Source of acquisition | Total Checkouts | Full call number | Barcode | Date last seen | Price effective from | Koha item type |
|---|---|---|---|---|---|---|---|---|---|---|---|---|---|---|
| Library of Congress Classification | Archives | Archives | 02/05/2018 | Donation | HN 713.5 .P195 2000 | C5822 | 05/08/2018 | 02/05/2018 | Books |